JetPunk will be down very briefly at 3:00PM EST (12:00PM PST, 8:00PM GST)

Statistics for People, places, and events in Billy Joel's "We Didn't Start the Fire."

Click here to take the quiz!

General Stats

  • This quiz has been taken 259 times
  • The average score is 47 of 118

Answer Stats

Answer% Correct
Doris Day
77%
Red China
76%
Harry Truman
74%
Richard Nixon
74%
Marilyn Monroe
74%
Joe DiMaggio
73%
North Korea
67%
South Korea
66%
South Pacific
61%
Television
61%
Studebaker
56%
Elvis Presley
54%
Eisenhower
52%
Peter Pan
51%
England's got a new Queen
51%
H-Bomb
51%
Johnnie Ray
50%
Disney Land
50%
Russians in Afghanistan
49%
James Dean
49%
JFK Blown Away
48%
AIDS
48%
Vaccine
46%
Brooklyn's got a winning team
46%
Belgians in the Congo
46%
Walter Winchell
46%
Trouble in the Suez
45%
Rock around the Clock
45%
Joe McCarthy
45%
Watergate
44%
Reagan
44%
Berlin
44%
Rosenbergs
44%
Space Monkey
44%
Crack
43%
Mafia
43%
Alabama
43%
Budapest
43%
The King and I
43%
Sugar Ray
43%
Castro
43%
Terror on the Airline
43%
The Catcher in the Rye
42%
Sally Ride
42%
California Baseball
42%
Einstein
42%
Communist Bloc
42%
Brando
42%
Bay of Pigs Invasion
42%
Princess Grace
41%
Joseph Stalin
41%
Suicide
41%
Buddy Holly
40%
Heavy Metal
40%
Punk Rock
40%
John Glenn
40%
Malcolm X
39%
Hula Hoops
39%
China's under martial law
39%
Davy Crocket
39%
Palestine
39%
Psycho
39%
Woodstock
39%
Chubby Checker
38%
Ben-Hur
37%
Hypodermics on the Shore
37%
Richard Nixon Back again
37%
Children of Thalidomide
36%
Liberace
36%
Bernie Goetz
36%
Wheel of Fortune
36%
Homeless Vets
36%
British Politician Sex
36%
British Beatlemania
35%
Ho Chi Minh
35%
Hemmingway
35%
Bridge on the River Kwai
35%
Sputnik
35%
Little Rock
35%
U2
35%
Pope Paul
34%
Peyton Place
34%
Stranger in a Strange Land
34%
Lawrence of Arabia
34%
Panmunjom
34%
Ole Miss
34%
Bardot
34%
Moonshot
33%
Foreign Debts
33%
Dacron
32%
Ayatollahs' in Iran
32%
Santayana Goodbye
31%
Lebanon
31%
Edsel is a no-go
31%
Dylan
31%
Begin
31%
Rock and Roller Cola wars
31%
Marciano
30%
Charles De Gaulle
30%
Eichmann
30%
Juan Peron
29%
Toscanini
29%
Pasternak
28%
Dien Bien Phu falls
28%
Birth Control
28%
Liston beats Patterson
28%
Kerouac
27%
Campanella
27%
Rockefeller
27%
Roy Cohn
26%
Payola and Kennedy
25%
Khrushchev
24%
Malenkov
24%
Chou En-Lai
24%
Micky Mantle
21%
Syngman Rhee
20%
Nasser and Prokofiev
17%
Starkweather Homocide
15%

Score Distribution

Percentile by Number Answered

Percent of People with Each Score

Your Score History

You have not taken this quiz